Can construction save the planet? (Record no. 77197)

MARC details
000 -LEADER
fixed length control field 00986cab a2200193 4500
001 - CONTROL NUMBER
control field ##L133767
008 - FIXED-LENGTH DATA ELEMENTS--GENERAL INFORMATION
fixed length control field 060608n2006 000 0 eng u
035 ## - SYSTEM CONTROL NUMBER
System control number (Sirsi) u133767
041 0# - LANGUAGE CODE
Language code of text/sound track or separate title eng
100 1# - MAIN ENTRY--PERSONAL NAME
Personal name Mann, Will
245 00 - TITLE STATEMENT
Title Can construction save the planet?
260 ## - PUBLICATION, DISTRIBUTION, ETC.
Date of publication, distribution, etc. 2006
490 #0 - SERIES STATEMENT
Series statement Contract Journal
Volume/sequential designation 433(6578) 7 June 2006, 26-29(4)
520 ## - SUMMARY, ETC.
Summary, etc. Argues that sustainability has moved to the top of the agenda in the construction industry, driven by a number of factors, including legislation and regulation, PFI, and client expectations. In response, developers and contractors are embracing the concept of corporate social responsibility, putting strong emphasis on supply chain management, including the drawing up of environmental management systems by subcontractors and better waste management.
590 ## - LOCAL NOTE (RLIN)
Local note IKA200606 NTK
651 #4 - SUBJECT ADDED ENTRY--GEOGRAPHIC NAME
Geographic name United Kingdom
Chronological subdivision
690 ## - LOCAL SUBJECT ADDED ENTRY--TOPICAL TERM (OCLC, RLIN)
Topical term or geographic name as entry element ENVIRONMENTAL AND LAND CONSULTANCY-SUSTAINABILITY-SUSTAINABLE DEVELOPMENT
942 ## - ADDED ENTRY ELEMENTS (KOHA)
Suppress in OPAC 0
Holdings
Withdrawn status Lost status Source of classification or shelving scheme Damaged status Not for loan Home library Current library Shelving location Date acquired Total Checkouts Full call number Barcode Date last seen Copy number Price effective from Koha item type
    Dewey Decimal Classification     London London Journal article 08/06/2006   L133767 133767-1001 06/08/2019 1 06/08/2019 Journal article